Loading...
Other | 0 | 3 | 0 | 0 | 30 | 82 | 87.33 | 1 | 2 |
Social Science | 0 | 2 | 0 | 1 | 20 | 118 | 121.00 | 0 | 2 |
Science - Other Science | 0 | 2 | 1 | 0 | 15 | 83 | 98.00 | 0 | 2 |
Fine Arts - Other Fine Arts | 0 | 2 | 1 | 1 | 15 | 60 | 89.50 | 1 | 2 |
History - Other History | 0 | 1 | 0 | 1 | 10 | 131 | 131.00 | 0 | 1 |
Literature - World Literature | 0 | 1 | 0 | 0 | 10 | 100 | 100.00 | 0 | 1 |
Philosophy | 0 | 1 | 0 | 0 | 10 | 108 | 108.00 | 0 | 0 |
Science - Biology | 0 | 1 | 0 | 0 | 10 | 94 | 94.00 | 1 | 1 |
Religion | 0 | 1 | 0 | 0 | 10 | 105 | 105.00 | 0 | 0 |
Science - Chemistry | 0 | 1 | 0 | 0 | 10 | 100 | 100.00 | 0 | 1 |
History - American History | 0 | 1 | 0 | 0 | 10 | 98 | 98.00 | 0 | 1 |
History - European History | 0 | 1 | 0 | 0 | 10 | 94 | 94.00 | 0 | 1 |
Mythology | 0 | 1 | 1 | 0 | 5 | 40 | 40.00 | 1 | 1 |
History - World History | 0 | 1 | 1 | 1 | 5 | 136 | 136.00 | 0 | 0 |
Fine Arts - Classical Music | 0 | 0 | 0 | 0 | 0 | 0.00 | 0 | 0 | |
Literature - European Literature | 0 | 0 | 0 | 0 | 0 | 0.00 | 0 | 0 |